Textos para una historia política de Siria-Palestina I: el bronce antiguo y medio

Uloženo v:
Podrobná bibliografie
Další autoři: Oliva, Juan (Editor)
Médium: Kniha
Jazyk:španělština
Vydáno: Madrid Akal 2008
Edice:Akal/Oriente. Serie Siria/Palestina, 11
Témata:
Tagy: Přidat tag
Žádné tagy, Buďte první, kdo vytvoří štítek k tomuto záznamu!

MARC

LEADER 00000nam a2200000 a 4500
001 UCH5666
003 CL-VaPUC
008 091015e20080000SP |||||||||||||||||spa|d
020 |a 9788446019497 
082 0 4 |a 930.15  |b OLI  |2 21 
100 |a Oliva, Juan  |e editor  |9 541975 
245 1 0 |a Textos para una historia política de Siria-Palestina I: el bronce antiguo y medio 
300 |a 506 p 
942 |c BK 
945 |d 20091015 00:00:00  |a rbrito 
260 |a Madrid  |b Akal  |c 2008 
650 0 |a Historia antigua  |9 267521 
650 7 |a EDAD DEL BRONCE  |2 CL-VaPUC  |9 390695 
650 7 |a HISTORIA DE SIRIA  |2 CL-VaPUC  |9 464259 
650 7 |a HISTORIA DE PALESTINA  |2 CL-VaPUC  |9 445371 
651 7 |a SIRIA  |2 CL-VaPUC  |9 368815 
651 0 |a Palestina  |9 324189 
583 |a last modification  |c 20091015 00:00:00  |k Rodrigo Vera 
490 0 |a Akal/Oriente. Serie Siria/Palestina, 11 
999 |c 336768  |d 336766 
952 |0 0  |1 0  |4 0  |6 930_150000000000000_OLI_2008  |7 0  |8 A  |9 428693  |a BIBHIS  |b BIBHIS  |d 2019-11-22  |i 4606183  |o 930.15 OLI 2008  |p 4606183  |r 2025-01-20  |w 2019-11-22  |y BK  |k HIS